Trouve le prix :(version voitures)#1 - Statistiques

Statistiques générales
  • Ce quiz a été pris 245 fois
  • Le résultat moyen est 2 sur 10
Statistiques - réponses
Question Réponse % Correct
Laquelle de ces voitures vaux 250000€ Lamborghini urus (2018-61kkm)
51%
Laquelle de ces voitures vaux plus de 10 000000€ Mclaren F1 LM-specification
43%
Laquelle de ces voitures vaux 140000€ Porsche Cayenne E-HY (2024)
33%
Laquelle de ces voitures vaux 25000€ Audi Q3 sline (2017-85kkm)
25%
Laquelle de ces voitures vaux 9000€ Jaguar s-type v6 (2004-139kkm)
22%
Laquelle de ces voitures vaux 1 000000€ Aston Martin V12 speedster (2023)
17%
Laquelle de ces voitures vaux 40000€ Bentley Flying (2009-81kkm)
17%
Laquelle de ces voitures vaux moins de 50 000€ Aston Martin DB7 (2001-131kkm)
16%
Laquelle de ces voitures vaux 5000€ Porsche Cayenne (2004-240kkm)
14%
Laquelle de ces voitures vaux 100000€ AC cobra MK3 (1965-9kkm)
9%
Aucun quiz correspondant
Distribution des résultats
% des personnes avec chaque résultat
Percentile par nombre de réponses
Votre historique - résultats
Vous n’avez pas pris ce quiz